000 00398nam a22001697a 4500
003 OSt
005 20220228101853.0
008 220228b |||||||| |||| 00| 0 eng d
020 _a0077097483
040 _cHU
082 _a658.8
100 _aPalmer,Adrian
_931804
245 _aPrinciples of Services marketing
260 _aNEWDelhi
_bNEWyork
_c2001
300 _a516
942 _2ddc
_cBOOKS
_n0
999 _c31852
_d31852